De la propriété des mines et de son organisation légale en France et en Belgique (Record no. 48315)

MARC details
000 -LEADER
campo de control de longitud fija 00812nam a2200181 i 4500
001 - NÚMERO DE CONTROL
campo de control 48315
003 - IDENTIFICADOR DE NÚMERO DE CONTROL
campo de control ES-MaACL
005 - FECHA Y HORA DE LA ÚLTIMA TRANSACCIÓN
campo de control 20230906161731.0
007 - CAMPO FIJO DE DESCRIPCIÓN FÍSICA--INFORMACIÓN GENERAL
campo de control de longitud fija t|
008 - DATOS DE LONGITUD FIJA--INFORMACIÓN GENERAL
campo de control de longitud fija 950711s1862 fr ||||1| fre d
040 ## - FUENTE DE CATALOGACIÓN
Centro catalogador/agencia de origen CAM
Lengua de catalogación spa
Centro/agencia transcriptor CAM
100 1# - ENTRADA PRINCIPAL--NOMBRE DE PERSONA
Nombre de persona Dalloz, Edouard.
9 (RLIN) 42496
245 10 - MENCIÓN DEL TÍTULO
Título De la propriété des mines et de son organisation légale en France et en Belgique
Resto del título : guide théorique et pratique du légiste, de l'ingénieur et ed l'exploitant ; suivi de Recherches sur la richesse minérale et la législation minière des principales nations /
Mención de responsabilidad, etc. par Edouard Dalloz ; avec la collaboration de M. Ant. Gouiffès.
260 ## - PUBLICACIÓN, DISTRIBUCIÓN, ETC.
Lugar de publicación, distribución, etc. Paris :
Nombre del editor, distribuidor, etc. Bureau de la Jurisprudence Generale,
Fecha de publicación, distribución, etc. 1862 (
Fabricante E. Thunot et Cie.)
300 ## - DESCRIPCIÓN FÍSICA
Extensión 2 v. ;
Dimensiones 24 cm.
700 1# - ENTRADA AGREGADA--NOMBRE PERSONAL
Nombre de persona Gouiffés, Ant.
9 (RLIN) 59323
852 ## - LOCALIZACIÓN
Ubicación ES-MaACL
Número de control de estantería G-13646-7
Holdings
Estatus retirado Estado de pérdida Estado de daño No para préstamo Colección Biblioteca de origen Biblioteca actual Ubicación en estantería Fecha de adquisición Fuente de adquisición Total de préstamos Signatura topográfica completa Código de barras Visto por última vez Precio de reemplazo Tipo de ítem Koha
        Libros del s. XIX Biblioteca del Ateneo de Madrid Biblioteca del Ateneo de Madrid Sala Pecera Planta 3 17/01/2008     G-13646-7 1050847 23/02/2023 23/02/2023 Libro impreso antiguo